|
|
|
|
| LEADER |
00000nam0a2200000 4500 |
| 001 |
38903 |
| 005 |
20231031010912.0 |
| 010 |
|
|
|a 5212004063
|
| 035 |
|
|
|a (RuTPU)RU\TPU\book\39734
|
| 090 |
|
|
|a 38903
|
| 100 |
|
|
|a 20020320d1991 m y0rusy50 ca
|
| 101 |
0 |
|
|a rus
|
| 102 |
|
|
|a RU
|
| 105 |
|
|
|a a z 001zy
|
| 200 |
1 |
|
|a Путешествие в мир микрокниг
|f А. Л. Бадалов
|
| 210 |
|
|
|a Москва
|c Книга
|d 1991
|
| 215 |
|
|
|a 142 с.
|c ил.
|
| 320 |
|
|
|a Библиогр.: с. 131-133
|
| 610 |
1 |
|
|a культура
|
| 610 |
1 |
|
|a микрокниги
|
| 610 |
1 |
|
|a книги
|
| 610 |
1 |
|
|a книги миниатюрные
|
| 686 |
|
|
|a Ч610.61
|v LBC/SL-A
|2 rubbk
|
| 686 |
|
|
|a Ч611.68
|v LBC/SL-A
|2 rubbk
|
| 700 |
|
1 |
|a Бадалов
|b А. Л.
|g Ашот Львович
|
| 801 |
|
1 |
|a RU
|b 63413507
|c 20020320
|g PSBO
|
| 801 |
|
2 |
|a RU
|b 63413507
|c 20071114
|g PSBO
|
| 942 |
|
|
|c BK
|